000 00453nam a2200157Ia 4500
003 OSt
005 20231211115754.0
008 190216s9999||||xx |||||||||||||| ||und||
040 _coclc
082 _a954.83
_bMEN/C
100 1 _aSreedhara Menon, A.
_910096
245 0 _aCultural Heritage Of Kerala /
_cA Sreedhara Menon
260 _bS Vishwanathan,
_c1996.
300 _a367p
942 _cBK
_2ddc
_h954.83
_iMEN/C
_k954.83
_mMEN/C
999 _c34905
_d34905